000 nam a22 7a 4500
999 _c7625
_d7625
008 170922b xxu||||| |||| 00| 0 eng d
100 _aCBSE
_94127
245 _aLife Skills Teachers Manual -VII
260 _aNew Delhi
_bCBSE
_c2014